Vigencia de Jean Piaget

Uloženo v:
Podrobná bibliografie
Hlavní autor: Ferreiro Schiavi, Emilia (autora)
Médium: Kniha
Jazyk:španělština
Vydáno: Ciudad de México Siglo XXI 1999
Vydání:1a. ed
Edice:Educación
Témata:
Tagy: Přidat tag
Žádné tagy, Buďte první, kdo vytvoří štítek k tomuto záznamu!

MARC

LEADER 00000nam a2200000 a 4500
001 UCK0267
003 CL-VaPUC
008 040924e19990000MX |||||||||||||||||spa|d
020 |a 9682321859 
082 0 4 |a 370.15  |b FER  |2 21 
100 1 |a Ferreiro Schiavi, Emilia  |e autora  |9 590820 
245 1 0 |a Vigencia de Jean Piaget 
250 |a 1a. ed 
300 |a 134 p 
942 |c BK 
945 |d 20040924 00:00:00  |a cmena 
260 |a Ciudad de México  |b Siglo XXI  |c 1999 
600 0 7 |a PIAGET, JEAN  |2 CL-VaPUC  |9 308149 
650 0 |a Psicología educacional   |9 307830 
650 0 |a Constructivismo  |9 268156 
650 0 |a Psicología del niño  |9 307305 
650 0 |a Filosofía de la educación   |9 258384 
583 |a last modification  |c 20130107 12:21:23  |k Rodrigo Vera 
490 0 |a Educación 
999 |c 310753  |d 310751 
952 |0 0  |1 0  |4 0  |6 370_150000000000000_FER_1999  |7 0  |8 A  |9 379720  |a BIBEDU  |b BIBEDU  |d 2019-11-21  |i 4065751  |l 1  |o 370.15 FER 1999  |p 4065751  |r 2020-08-05  |s 2020-08-05  |w 2019-11-21  |y BK  |k PAR